5HLuxD.jpg

KING HENRY VIII SENIOR AND PRIMARY SCHOOL LIBRARY OPAC

Pop star / (Record no. 2051)

000 -LEADER
fixed length control field 02397cam a2200493 i 4500
001 - CONTROL NUMBER
control field 20907013
003 - CONTROL NUMBER IDENTIFIER
control field OSt
005 - DATE AND TIME OF LATEST TRANSACTION
control field 20230303093647.0
008 - FIXED-LENGTH DATA ELEMENTS--GENERAL INFORMATION
fixed length control field 190327s2011 enka j 000 1 eng d
010 ## - LIBRARY OF CONGRESS CONTROL NUMBER
LC control number 2018287629
020 ## - INTERNATIONAL STANDARD BOOK NUMBER
International Standard Book Number 9780857079794 (paperback)
035 ## - SYSTEM CONTROL NUMBER
System control number (OCoLC)ocn888113427
040 ## - CATALOGING SOURCE
Original cataloging agency MYNLM
Language of cataloging eng
Transcribing agency MYNLM
Description conventions rda
Modifying agency AULHA
-- AUAMR
-- OCLCF
-- OCLCQ
-- OCLCO
-- YDXCP
-- CNGUL
-- NZOTG
-- OCLCO
-- NZDAP
-- NZPWA
-- NZMTP
-- NZHSD
-- NZEPN
-- NTAUP
-- CNCBE
-- OCLCQ
-- OCL
-- NZOPM
-- AZZPT
-- OCLCO
-- DLC
-- KH8
042 ## - AUTHENTICATION CODE
Authentication code lccopycat
082 04 - DEWEY DECIMAL CLASSIFICATION NUMBER
Classification number FIC RUS
Edition number 23
100 1# - MAIN ENTRY--PERSONAL NAME
Personal name Russell, Rachel Renée,
Relator term author.
245 10 - TITLE STATEMENT
Title Pop star /
Statement of responsibility, etc. Rachel Renée Russell.
264 #1 - PRODUCTION, PUBLICATION, DISTRIBUTION, MANUFACTURE, AND COPYRIGHT NOTICE
Place of production, publication, distribution, manufacture London :
Name of producer, publisher, distributor, manufacturer Simon & Schuster,
Date of production, publication, distribution, manufacture, or copyright notice 2011.
300 ## - PHYSICAL DESCRIPTION
Extent 311 pages :
Other physical details illustrations ;
Dimensions 20 cm.
336 ## - CONTENT TYPE
Content type term text
Content type code txt
Source rdacontent
337 ## - MEDIA TYPE
Media type term unmediated
Media type code n
Source rdamedia
338 ## - CARRIER TYPE
Carrier type term volume
Carrier type code nc
Source rdacarrier
490 1# - SERIES STATEMENT
Series statement Dork diaries
500 ## - GENERAL NOTE
General note "Nikki Maxwell's school is holding a talent competition and Nikki can't wait to start practising dance moves with her BFFs, Chloe and Zoey, and impressing Brandon, her crush, with her singing skills! But then Nikki finds out that her arch-nemesis, MacKenzie, is entering the contest, too, and she's determined to steal the limelight from Nikki and her friends. Can a dork like Nikki take on the most popular girl in school and win?"--Page [4] of cover.
600 10 - SUBJECT ADDED ENTRY--PERSONAL NAME
Personal name Maxwell, Nikki (Fictitious character)
Form subdivision Juvenile fiction.
650 #0 - SUBJECT ADDED ENTRY--TOPICAL TERM
Topical term or geographic name entry element Children's stories.
650 #0 - SUBJECT ADDED ENTRY--TOPICAL TERM
Topical term or geographic name entry element Diary
Form subdivision Juvenile fiction.
650 #0 - SUBJECT ADDED ENTRY--TOPICAL TERM
Topical term or geographic name entry element Singers
Form subdivision Juvenile fiction.
650 #0 - SUBJECT ADDED ENTRY--TOPICAL TERM
Topical term or geographic name entry element Talent shows
Form subdivision Juvenile fiction.
650 #7 - SUBJECT ADDED ENTRY--TOPICAL TERM
Topical term or geographic name entry element Maxwell, Nikki (Fictitious character)
Form subdivision Juvenile fiction.
Source of heading or term cct
650 #7 - SUBJECT ADDED ENTRY--TOPICAL TERM
Topical term or geographic name entry element Children's stories.
Source of heading or term fast
Authority record control number or standard number (OCoLC)fst00856632
650 #7 - SUBJECT ADDED ENTRY--TOPICAL TERM
Topical term or geographic name entry element Singers.
Source of heading or term fast
Authority record control number or standard number (OCoLC)fst01119301
650 #7 - SUBJECT ADDED ENTRY--TOPICAL TERM
Topical term or geographic name entry element Talent shows.
Source of heading or term fast
Authority record control number or standard number (OCoLC)fst01142237
655 #4 - INDEX TERM--GENRE/FORM
Genre/form data or focus term Children's humorous fiction.
655 #4 - INDEX TERM--GENRE/FORM
Genre/form data or focus term Children's fiction.
Institution to which field applies NZ-WeK
655 #7 - INDEX TERM--GENRE/FORM
Genre/form data or focus term Fiction.
Source of term fast
Authority record control number or standard number (OCoLC)fst01423787
655 #7 - INDEX TERM--GENRE/FORM
Genre/form data or focus term Humorous fiction.
Source of term fast
Authority record control number or standard number (OCoLC)fst01726649
655 #7 - INDEX TERM--GENRE/FORM
Genre/form data or focus term Juvenile works.
Source of term fast
Authority record control number or standard number (OCoLC)fst01411637
655 #7 - INDEX TERM--GENRE/FORM
Genre/form data or focus term Humorous fiction.
Source of term lcgft
800 1# - SERIES ADDED ENTRY--PERSONAL NAME
Personal name Russell, Rachel Renée.
Title of a work Dork diaries
906 ## - LOCAL DATA ELEMENT F, LDF (RLIN)
a 7
b cbc
c copycat
d 2
e ncip
f 20
g y-gencatlg
942 ## - ADDED ENTRY ELEMENTS (KOHA)
Source of classification or shelving scheme
Koha item type Books - Fiction
Holdings
Withdrawn status Lost status Source of classification or shelving scheme Damaged status Not for loan Collection code Permanent Location Current Location Shelving location Date acquired Total Checkouts Full call number Barcode Date due Date last seen Date last checked out Price effective from Koha item type Total Renewals
          Fiction KH8 Primary School Library KH8 Primary School Library Fiction 2023-03-03 5 FIC RUS KHPL000003773 2023-07-12 2023-06-21 2023-06-21 2023-03-03 Books - Fiction  
          Fiction KH8 Primary School Library KH8 Primary School Library Fiction 2023-03-03 12 FIC RUS KHPL000003884   2025-12-05 2025-05-19 2023-03-03 Books - Fiction 1

Powered By KH8 IT Dept